000 00336nam a2200133Ia 4500
005 20260328104335.0
008 260328s9999||||xx |||||||||||||| ||und||
100 _aDrews Arango, Willy
245 0 _aDrews & Gómez Arquitectos ltda /
_cWilly Drews Arango
260 _bProa
300 _a118 p.
650 _aARQUITECTURA
942 _cBK
999 _c11870
_d11870